The income approach to property valuation (Record no. 105820)
[ view plain ]
| 000 -LEADER | |
|---|---|
| fixed length control field | 00429cam a2200181 4500 |
| 001 - CONTROL NUMBER | |
| control field | L134858 |
| 008 - FIXED-LENGTH DATA ELEMENTS--GENERAL INFORMATION | |
| fixed length control field | 060907n2006 000 0 eng u |
| 020 ## - INTERNATIONAL STANDARD BOOK NUMBER | |
| International Standard Book Number | 0728204649 |
| 035 ## - SYSTEM CONTROL NUMBER | |
| System control number | (Sirsi) u134858 |
| 100 ## - MAIN ENTRY--PERSONAL NAME | |
| Personal name | Baum, Andrew |
| 245 #4 - TITLE STATEMENT | |
| Title | The income approach to property valuation |
| 250 ## - EDITION STATEMENT | |
| Edition statement | 5th ed. |
| 260 ## - PUBLICATION, DISTRIBUTION, ETC. | |
| Place of publication, distribution, etc. | EG Books |
| Date of publication, distribution, etc. | 2006 |
| 350 ## - PRICE (NR) (BK AM CF MU VM SE) [OBSOLETE] | |
| Price | 35.00 |
| 520 ## - SUMMARY, ETC. | |
| Summary, etc. | Supersedes 4th edition. |
| 942 ## - ADDED ENTRY ELEMENTS (KOHA) | |
| Suppress in OPAC | 0 |
| Withdrawn status | Lost status | Source of classification or shelving scheme | Damaged status | Not for loan | Home library | Current library | Shelving location | Date acquired | Cost, normal purchase price | Total Checkouts | Full call number | Barcode | Date last seen | Date last checked out | Copy number | Cost, replacement price | Price effective from | Koha item type |
|---|---|---|---|---|---|---|---|---|---|---|---|---|---|---|---|---|---|---|
| Dewey Decimal Classification | London | London | Basement | 26/09/2006 | 35.00 | 33 | BASEMENT | 30073308 | 06/08/2019 | 04/01/2010 | 1 | 35.00 | 06/08/2019 | Book |